Принцип добросовісності в праві (Запис № 574271)

МАРК-запис
000 -Лідер
fixed length control field 03188nam a22002537a 4500
001 - Контрольний номер
control field 216223702
003 - Ідентифікатор контрольного номера
control field UA-OsUOA
005 - Дата та час останнього входження (трансакції)
control field 20230508092355.0
008 - Елементи даних фіксованої довжини – загальна інформація
fixed length control field 230508b un ||||| |||| 00| 0 ukr d
040 ## - Джерело каталогізації
Агенція оригінальної каталогізації UA-OsUOA
Мова каталогізації ukr
Агенція, яка здійснювала перезапис UA-OsUOA
Агенція, яка здійснювала модифікацію UA-OsUOA
041 ## - Код мови
Код мови тексту/ звукової доріжки чи окремого заголовка (П) ukr
080 ## - Індекс Універсальної десяткової класифікації
Індекс Універсальної десяткової класифікації (УДК) (НП) 347.44
090 ## - Локальний шифр розміщення
Класифікаційний індекс УДК 347.44
095 ## - Код спеціальності для авторефератів
Код спеціальності 12.00.01
Назва спеціальності теорія та історія держави і права; історія політичних і правових учень
100 ## - Основне введення – ім’я особи
Ім’я особи (НП) Назарова І. В.
245 ## - Відомості про назву
Назва (НП) Принцип добросовісності в праві
Дані про відповідальність (НП) Назарова Ірина Володимирівна; наук. керівник Кубко Євген Борисович
260 ## - Публікація, розповсюдження і т.п. (Вихідні дані)
Місце публікації, розповсюдження і т.п. (П) Київ
Дата публікації, розповсюдження і т.п. (П) 2020
300 ## - Фізичний опис
Обсяг 24 с.
502 ## - Примітка про дисертацію
Зв'язок Автореферат дисертації на здобуття наукового ступеня кандидата юридичних наук<br/>
Наймення інституції, що представляється Інститут держави і права імені В. М. Корецького
Рік отримання вченого ступеня 2020
520 ## - Резюме і т.п.
Резюме, реферат, анотація, тощо (НП) У дисертації досліджені основні загальнотеоретичні та прикладні аспекти принципу добросовісності в праві. У процесі розгляду теоретичних аспектів теми проаналізовано генезис розвитку концепцій добросовісності в праві. Розроблена періодизація впровадження даного принципу, сформульовано визначення поняття, розкриті юридична природа, нормативний зміст, функції та місце принципу добросовісності в правовій системі України.<br/>Виявлені закономірності становлення та розвитку, особливості і проблеми імплементації принципу добросовісності у державах континентальної і англо-американської правових сімей, у праві Європейського Союзу, у міжнародному приватному та публічному праві.<br/>Проведено аналіз основних актів законодавства України, в яких закріплено принцип добросовісності, виявлено їх особливості, переваги і недоліки. Запропоновані й обґрунтовані зміни до Конституції України, закону «Про міжнародні договори України», Цивільного кодексу, Земельного кодексу, Цивільного процесуального кодексу, Господарського процесуального кодексу, Кодексу адміністративного судочинства України, інших законодавчих актів.
650 ## - Додаткове предметне введення – тематичний термін
Джерело заголовка чи терміна UDC
Тематичний термін чи географічна назва, як елемент введення (НП) 347 Цивільне право
942 ## - Додаткові елементи входу (Коха)
Source of classification or shelving scheme Universal Decimal Classification
Тип елемента Koha Автореферат
955 ## - Код типу видання за змістом
Код типу видання за змістом (НП) Наукові видання

Немає доступних примірників.